Statistics for November Happenings

Click here to take the quiz!

General Stats

  • This quiz has been taken 12,082 times
    (9,794 since last reset)
  • The average score is 20 of 30

Answer Stats

Date Year Clue Answer % Correct
Nov 111918This war endsWorld War I
95%
Nov 211905This scientist publishes his famous formula: E = MC2Albert Einstein
93%
Nov 221963This leader is assassinated in DallasJohn F. Kennedy
93%
Nov 121927This dictator gains undisputed control over the Soviet UnionJoseph Stalin
90%
Nov 241859This naturalist publishes "On the Origin of Species"Charles Darwin
87%
Nov 171869This canal, connecting the Mediterranean to the Red Sea, is inauguratedSuez Canal
86%
Nov 141948This British prince is bornPrince Charles
86%
Nov 91989This came tumbling downThe Berlin Wall
83%
Nov 271924The first Macy's Thanksgiving Day parade is held in this cityNew York City
83%
Nov 41979Hostages are seized from the US embassy in this countryIran
81%
Nov 31903Prodded by the United States, this country separates from ColombiaPanama
71%
Nov 51605This gunpowder plot conspirator is capturedGuy Fawkes
70%
Nov 71991This basketball player announces that he is HIV positiveMagic Johnson
68%
Nov 21930Haile Selassie is crowned emperor of this countryEthiopia
65%
Nov 231992This provocative pop singer is born in NashvilleMiley Cyrus
62%
Nov 181978Over 900 Jonestown cult members commit suicide by drinking cyanide
mixed with this sweetened beverage
Flavor Aid
61%
Nov 11957The Mackinac Bridge connects the two peninsulas of this U.S. stateMichigan
60%
Nov 161988Benazir Bhutto is elected prime minister of this countryPakistan
58%
Nov 101871Henry Stanley presumably finds this explorer in the interior of AfricaDavid Livingstone
58%
Nov 131982This name-filled memorial is dedicated in Washington D.C.Vietnam Veterans
Memorial
56%
Nov 81519This conquistador enters TenochtitlánHernán Cortés
56%
Nov 301939The USSR invades this country to start the Winter WarFinland
55%
Nov 191990This pop duo is stripped of their Grammy because they didn't actually sing
any of the songs on their album
Milli Vanilli
54%
Nov 201820This type of whale attacks and sinks the whaling ship EssexSperm Whale
50%
Nov 251835This American steel tycoon is born in ScotlandAndrew Carnegie
45%
Nov 151920This "free city" is established on the German / Polish borderDanzig
41%
Nov 281994This infamous cannibal is killed in prisonJeffrey Dahmer
41%
Nov 291877This musical device is first demonstrated by Thomas EdisonPhonograph
41%
Nov 61861This man became president of the Confederate States of AmericaJefferson Davis
40%
Nov 262008Pakistani terrorists attack targets in this cityMumbai
31%

Score Distribution

Percentile by Number Answered

Percent of People with Each Score

Your Score History

You have not taken this quiz since the last reset